| 000 | 00480 a2200157 4500 | ||
|---|---|---|---|
| 999 |
_c2633 _d2633 |
||
| 020 | _a8125916156 | ||
| 050 | _aLB 1051 AGG 2004 | ||
| 100 |
_aAggrwal, J.C _eauthor |
||
| 245 |
_aTeacher education in a developing society _cJ C Aggrwal |
||
| 264 |
_aNew Delhi: _bVikaz Publishing House, _c2004. |
||
| 300 |
_axv,564p.: _bill. |
||
| 500 | _aIncludes index | ||
| 650 |
_aEducation _xDeveloping countries |
||
| 650 | _aEducation--Social issues | ||
| 942 |
_2lcc _cBK _e4th ed. _h1051 _iAGG _kLB |
||